The Railway children / (Record no. 103765)
[ view plain ]
| 000 -LEADER | |
|---|---|
| fixed length control field | 00832nam a2200193 a 4500 |
| 005 - DATE AND TIME OF LATEST TRANSACTION | |
| control field | 20140412111307.0 |
| 008 - FIXED-LENGTH DATA ELEMENTS--GENERAL INFORMATION | |
| fixed length control field | 010320s19uu xx 00 eng d |
| 020 ## - INTERNATIONAL STANDARD BOOK NUMBER | |
| International Standard Book Number | 0-7214-0824-9 |
| 050 ## - LIBRARY OF CONGRESS CALL NUMBER | |
| Classification number | ER |
| Item number | Ra13 1984 |
| 100 ## - MAIN ENTRY--PERSONAL NAME | |
| Personal name | Nesbit, Edit |
| 245 ## - TITLE STATEMENT | |
| Title | The Railway children / |
| Statement of responsibility, etc | by Edith Nesbit ; retold by Joan Collins ; illustrated by Kathie Layfield. |
| 260 ## - PUBLICATION, DISTRIBUTION, ETC. (IMPRINT) | |
| Place of publication, distribution, etc | Leicestershire, UK : |
| Name of publisher, distributor, etc | Ladybird Books, |
| Date of publication, distribution, etc | 1984. |
| 300 ## - PHYSICAL DESCRIPTION | |
| Extent | 1 v. (unp.) ; ill. |
| 440 ## - SERIES STATEMENT/ADDED ENTRY--TITLE | |
| Title | Ladybird Children's Classics |
| 520 ## - SUMMARY, ETC. | |
| Summary, etc | The children loved their new life in the little house beside the railway. They made friends with the Station Master and the Porter, and gave special names to all the trains. Only one thing spoiled it. Why didn't Father come back to them? |
| 650 ## - SUBJECT ADDED ENTRY--TOPICAL TERM | |
| Topical term or geographic name as entry element | Children's Stories |
| 650 ## - SUBJECT ADDED ENTRY--TOPICAL TERM | |
| Topical term or geographic name as entry element | Family's - Fiction |
| Withdrawn status | Lost status | Damaged status | Use restrictions | Home library | Current library | Shelving location | Date acquired | Source of acquisition | Total Checkouts | Full call number | Barcode | Date last seen | Price effective from | Koha item type |
|---|---|---|---|---|---|---|---|---|---|---|---|---|---|---|
| Elizalde Library | Elizalde Library | Easy Reading Section | 03/20/2001 | ER Ra13 1984 | E5844 | 04/12/2014 | 04/12/2014 | Books |